Villes d'Allemagne en images - Statistiques

Statistiques générales
  • Ce quiz a été pris 39 fois
  • Le résultat moyen est 8 sur 30
Statistiques - réponses
Par images Réponse % Correct
Berlin
94%
Frankfurt-am-Main
79%
Köln
67%
München
55%
Hamburg
52%
Dresden
42%
Heidelberg
42%
Düsseldorf
33%
Lübeck
30%
Potsdam
30%
Karlsruhe
27%
Bremen
24%
Freiburg-im-Breisgau
24%
Leipzig
24%
Nürnberg
24%
Stuttgart
24%
Wuppertal
24%
Aachen
18%
Hannover
15%
Kiel
15%
Mainz
15%
Dortmund
12%
Mannheim
12%
Münster
12%
Augsburg
9%
Bonn
9%
Duisburg
6%
Magdeburg
6%
Trier
6%
Rostock
3%
Aucun quiz correspondant
Distribution des résultats
% des personnes avec chaque résultat
Percentile par nombre de réponses
Votre historique - résultats
Vous n’avez pas pris ce quiz